|
|
|
|
| LEADER |
01495nam a2200361 a 4500 |
| 001 |
000726336 |
| 003 |
CZ BrMZK |
| 005 |
20040903192627.0 |
| 007 |
ta |
| 008 |
040715s2000 xr a e c 000 cze d |
| 020 |
|
|
|q (brož.)
|
| 040 |
|
|
|a BOA001
|b cze
|
| 041 |
1 |
|
|a cze
|a eng
|a ger
|h cze
|
| 043 |
|
|
|a e-xr---
|b e-xr-cc
|2 czenas
|
| 072 |
|
7 |
|a 502
|x Životní prostředí a jeho ochrana
|2 Konspekt
|9 2
|
| 080 |
|
|
|a 622.332.012
|2 MRF
|
| 080 |
|
|
|a 502.174
|2 MRF
|
| 080 |
|
|
|a (437.31-16)
|2 MRF
|
| 080 |
|
|
|a (083.824)
|2 MRF
|
| 100 |
1 |
|
|a Štýs, Stanislav,
|d 1930-
|7 jk01131602
|4 aut
|4 pht
|
| 245 |
1 |
0 |
|a Proměny měsíční krajiny v srdci Evropy =
|b Metamorphosis of a lunar landscape in the heart of Europe = Umwandlungen einer Mondlandschaft im Herzen Europas /
|c [autor fotografií a textu] Stanislav Štýs
|
| 246 |
1 |
1 |
|a Metamorphosis of a lunar landscape in the heart of Europe
|
| 246 |
1 |
1 |
|a Umwandlungen einer Mondlandschaft im Herzen Europas
|
| 260 |
|
|
|a Most :
|b ECOCONSULT PONS,
|c c2000
|
| 300 |
|
|
|a [64] s. :
|b il. (převážně barev.) ;
|c 29 cm
|
| 546 |
|
|
|a Souběžný český, anglický a německý text
|
| 650 |
0 |
7 |
|a hnědouhelné doly
|7 ph120768
|z Česko
|2 czenas
|
| 650 |
0 |
7 |
|a rekultivace
|7 ph125100
|z Česko
|2 czenas
|
| 655 |
|
7 |
|a katalogy výstav
|7 fd132536
|2 czenas
|
| 651 |
|
7 |
|a Čechy severozápadní (Česko)
|7 ge131653
|2 czenas
|
| 910 |
|
|
|a BOA001
|b 3-1138.597
|
| 990 |
|
|
|a BK
|
| 996 |
6 |
|
|b 2610225453
|c 3-1138.597
|l MZK
|r Sklad / do 1 hodiny
|n 9
|p p.v.
|w 000726336
|u 000010
|a 1
|e BOA001
|j MZK50
|s P
|